| 000 | 00790cam a22001935a 4500 | ||
|---|---|---|---|
| 001 | L140869 | ||
| 008 | 071016s1936 xxk eng u | ||
| 035 | _a(Sirsi) u140869 | ||
| 041 | 0 | _aeng | |
| 110 | 2 |
_aWalker, Walton and Hanson _95375 |
|
| 245 | 0 | 0 | _aParticulars and conditions of sale of two valuable freehold fully licensed public houses...the Red Lion Inn...[and] the Coach and Horses Inn [Thurgarton]...to be sold by auction by Messrs. Walker, Walton and Hanson at the Welbeck Hotel, Nottingham on Wednesday 11th November 1936... |
| 260 |
_aS.l. _bs.n. _c1936 |
||
| 300 |
_a[4] p. _c31 cm. |
||
| 340 | _aPrinted | ||
| 351 | _cSingle item | ||
| 651 | 4 | _aNottinghamshire | |
| 690 | _aPROPERTY-PROPERTY ACQUISITION AND DISPOSAL-ACQUISITION AND DISPOSAL AT AUCTION | ||
| 942 | _n0 | ||
| 999 |
_c116509 _d116509 |
||